000 01103nam0a22002651 4500
001 rc\3150712
005 20250530083855.0
021 _aRU
_b[75-104179]
035 _a(NLR Aleph) 007321798
090 _a5917708
_c5917708
100 _a20120615d1975 |||y0rusy50 ca
101 0 _arus
102 _aRU
105 _aa z |||||
200 1 _aЗубошлифование тарельчатыми абразивными кругами
_eУчеб. пособие для студентов II-VI курсов мех. специальностей
_fИ.Н. Ханукаев
_gВсесоюз. заоч. инж.-строит. ин-т, Кафедра мех. обраб. металлов
210 _aМосква
_cВЗИСИ
_d1975
215 _a70 с.
_cил.
_d21
320 _aБиблиогр.: с. 69
606 _aЗубчатые колеса
_xШлифование
_jПособия для заочников
_2psbo
700 1 _aХанукаев
_bИ.Н.
_gИслам Нисанович
801 0 _aRU
_bNLR
_gpsbo
801 1 _aRU
_bELAR
_2rusmarc
852 _aNLR
_j76-6/2537
942 _cBOOK
980 _aNB